[Event "NVM U16 2015"]
[Site "Kiel"]
[Date "2015.09.12"]
[Round "6.1"]
[White "Hartge, Gedeon"]
[Black "Schnabel, Bennett"]
[Result "1/2-1/2"]
[WhiteElo "1967"]
[BlackElo "2034"]
[PlyCount "132"]
[EventDate "2015.??.??"]
[WhiteTeam "USV Volksbank Halle"]
[BlackTeam "SV Mattnetz Berlin e.V."]

1. d4 f5 2. c4 Nf6 3. g3 g6 4. Bg2 Bg7 5. Nf3 d6 6. b4 c5 7. bxc5 dxc5 8. e3
O-O 9. O-O Nc6 10. Bb2 Ne4 11. Na3 Qa5 12. Qb3 g5 13. Rad1 g4 14. Ne5 Nxe5 15.
Bxe4 Nf3+ 16. Bxf3 gxf3 17. d5 Bxb2 18. Qxb2 Qa6 19. d6 exd6 20. Nb5 Qc6 21.
Rxd6 Qe4 22. Rh6 Qxc4 23. Rh4 Qf7 24. Qe5 Bd7 25. Nd6 Qe6 26. Qf4 Bc6 27. Rh6
Rf6 28. Rxf6 Qxf6 29. Qc4+ Kg7 30. Qxc5 Kg6 31. Nc4 Re8 32. Rd1 Re6 33. h4 a6
34. Rd4 h5 35. Qa7 Qf8 36. Qb6 Qe7 37. Qb3 Kh7 38. Na5 Be4 39. Qd1 Kg6 40. Rd7
Qf6 41. Nb3 Qc3 42. Kh2 Qb2 43. Rd2 Qb1 44. Qxb1 Bxb1 45. Rb2 Be4 46. Nc5 Re7
47. Rb6+ Kg7 48. Ne6+ Kf7 49. Nf4 Rc7 50. Rb2 Rc2 51. Rxc2 Bxc2 52. Kg1 b5 53.
Kf1 b4 54. Ke1 Bb1 55. Kd2 Bxa2 56. Nxh5 a5 57. Nf4 a4 58. Nd3 b3 59. Nb2 a3
60. Nc4 b2 61. Nxa3 b1=Q 62. Nxb1 Bxb1 63. Kc3 Kg6 64. Kd4 Kh5 65. Ke5 Kg4 66.
h5 Kxh5 1/2-1/2

[Event "NVM U16 2015"]
[Site "Kiel"]
[Date "2015.09.12"]
[Round "6.2"]
[White "Hesse, Henrik"]
[Black "Gröbel, Aaron"]
[Result "1-0"]
[WhiteElo "1903"]
[BlackElo "1843"]
[PlyCount "46"]
[EventDate "2015.??.??"]
[WhiteTeam "SV Mattnetz Berlin e.V."]
[BlackTeam "USV Volksbank Halle"]

1. c4 c5 2. Nc3 Nc6 3. Nf3 g6 4. d4 cxd4 5. Nxd4 Bg7 6. e3 d6 7. b3 Bd7 8. Bb2
Rc8 9. Rc1 Nf6 10. Bd3 O-O 11. O-O Ne5 12. Bb1 Qb6 13. Qe2 Rfd8 14. Rfd1 a6 15.
h3 Qa7 16. Nd5 Nxd5 17. cxd5 Rc5 18. f4 Rxd5 19. fxe5 dxe5 20. Nf3 Bb5 21. Rxd5
Bxe2 22. Rxd8+ Bf8 23. Kf2 Bxf3 1-0

[Event "NVM U16 2015"]
[Site "Kiel"]
[Date "2015.09.12"]
[Round "6.3"]
[White "Perekhozhuk, Maksym"]
[Black "Acikel, Mert"]
[Result "1/2-1/2"]
[WhiteElo "1783"]
[BlackElo "1807"]
[PlyCount "75"]
[EventDate "2015.??.??"]
[WhiteTeam "USV Volksbank Halle"]
[BlackTeam "SV Mattnetz Berlin e.V."]

1. e4 e5 2. Nf3 Nc6 3. Bc4 Bc5 4. b4 Bxb4 5. c3 Be7 6. d4 Na5 7. Be2 exd4 8.
Qxd4 Nc6 9. Qxg7 Bf6 10. Qg3 d6 11. O-O Nge7 12. Bg5 Ng6 13. Re1 Nce5 14. Bxf6
Qxf6 15. Nxe5 Qxe5 16. Qxe5+ dxe5 17. Nd2 Be6 18. Rab1 b6 19. a3 Rd8 20. Nf3 f6
21. Rbd1 Ke7 22. Nd2 Nf4 23. Bf1 Nd3 24. Bxd3 Rxd3 25. Nb1 Rhd8 26. Rxd3 Rxd3
27. f3 Ba2 28. a4 Bxb1 29. Rxb1 Rxc3 30. Kf2 Ra3 31. Rc1 c5 32. Rc4 Ra2+ 33.
Kg3 Kd6 34. h4 h6 35. Kg4 Rxg2+ 36. Kf5 Ke7 37. Rc3 Rb2 38. a5 1/2-1/2

[Event "NVM U16 2015"]
[Site "Kiel"]
[Date "2015.09.12"]
[Round "6.4"]
[White "Petersen, Marcel"]
[Black "Kretzschmar, Arnd"]
[Result "1-0"]
[WhiteElo "1658"]
[BlackElo "1881"]
[PlyCount "131"]
[EventDate "2015.??.??"]
[WhiteTeam "SV Mattnetz Berlin e.V."]
[BlackTeam "USV Volksbank Halle"]

1. e4 c5 2. Nf3 d6 3. d4 cxd4 4. Nxd4 Nf6 5. Nc3 g6 6. Be3 Bg7 7. f3 O-O 8. Qd2
Nc6 9. Bc4 Bd7 10. O-O-O Qa5 11. h4 Ne5 12. Bb3 Rfc8 13. g4 b5 14. h5 b4 15.
Nd5 Nxd5 16. Bxd5 Nc4 17. Bxc4 Rxc4 18. Kb1 Qe5 19. Qd3 Rac8 20. Rd2 d5 21.
hxg6 fxg6 22. Rg1 Ba4 23. Rc1 R8c7 24. Qe2 Bb5 25. f4 Qf6 26. e5 Qa6 27. Nxb5
Qxb5 28. b3 R4c5 29. Bxc5 Qxc5 30. Qd3 e6 31. Qd4 Qe7 32. c4 bxc3 33. Rxc3 Bf8
34. Rxc7 Qxc7 35. Rc2 Qa5 36. Qc3 Qa6 37. Qc6 Qf1+ 38. Kb2 Qxf4 39. Qxe6+ Kg7
40. Qxd5 Qxg4 41. e6 Qh4 42. Qe5+ Kg8 43. a4 Qb4 44. Qd5 Qe7 45. Rf2 h5 46. Kb1
Bg7 47. Ka2 Bf8 48. Rf3 Qa3+ 49. Kb1 Bg7 50. Kc2 Qb2+ 51. Kd3 Qc3+ 52. Ke2 Qb2+
53. Kf1 Qc1+ 54. Kg2 Qc2+ 55. Kh3 Qe2 56. e7+ Kh7 57. Qf7 Qd1 58. e8=Q Qh1+ 59.
Kg3 Qg1+ 60. Kf4 Qd4+ 61. Qe4 Qd2+ 62. Qe3 Qd6+ 63. Kg5 Qd8+ 64. Qfe7 Qd5+ 65.
Kh4 g5+ 66. Q3xg5 1-0

[Event "NVM U16 2015"]
[Site "Kiel"]
[Date "2015.09.12"]
[Round "6.1"]
[White "Killgus, Leonard"]
[Black "Rieper, Julian"]
[Result "1-0"]
[WhiteElo "1889"]
[BlackElo "1976"]
[PlyCount "107"]
[EventDate "2015.??.??"]
[WhiteTeam "SK Johanneum Eppendorf"]
[BlackTeam "SK Doppelbauer Kiel"]

1. e4 e5 2. Nf3 Nc6 3. Bb5 Nf6 4. O-O Nxe4 5. d4 Nd6 6. Bxc6 dxc6 7. dxe5 Nf5
8. Qxd8+ Kxd8 9. Nbd2 Be7 10. Ne4 h6 11. b3 a5 12. a4 Be6 13. h3 b6 14. Bb2 h5
15. Nfg5 Rh6 16. g4 hxg4 17. hxg4 Rg6 18. Nxe6+ fxe6 19. f3 Ne3 20. Rf2 Kc8 21.
Re2 Nd5 22. Rh2 Kb7 23. Kf2 Rf8 24. Kg3 Ne3 25. Rah1 Nf5+ 26. Kf2 Nh6 27. Ke2
c5 28. Bc1 Nf7 29. Rh5 Kc6 30. c4 Kb7 31. Rg1 Nd8 32. Be3 Nc6 33. f4 Nd4+ 34.
Bxd4 cxd4 35. Kf3 Bb4 36. g5 d3 37. Rd1 Rd8 38. Ke3 d2 39. Rh2 Kc6 40. Nxd2
Bc5+ 41. Ke2 Rd4 42. Rf1 Bb4 43. Kd1 Rd3 44. Kc2 Rc3+ 45. Kb2 Re3 46. Nf3 Kc5
47. Nh4 Rxg5 48. fxg5 Rxe5 49. Rg2 Re3 50. Rf3 Re4 51. Ng6 Be1 52. Nf4 Kd4 53.
Re2 e5 54. Ne6# 1-0

[Event "NVM U16 2015"]
[Site "Kiel"]
[Date "2015.09.12"]
[Round "6.2"]
[White "Karlisch, Moritz"]
[Black "Keyser, Robin"]
[Result "0-1"]
[WhiteElo "1767"]
[BlackElo "1722"]
[PlyCount "74"]
[EventDate "2015.??.??"]
[WhiteTeam "SK Doppelbauer Kiel"]
[BlackTeam "SK Johanneum Eppendorf"]

1. d4 Nf6 2. Bg5 d5 3. Nd2 Nbd7 4. e3 c6 5. c4 e6 6. Ngf3 Be7 7. Bd3 O-O 8. O-O
dxc4 9. Bxc4 b5 10. Bd3 a6 11. Rc1 c5 12. Bxf6 Bxf6 13. Qc2 g6 14. dxc5 Nxc5
15. Be4 Nxe4 16. Nxe4 Bb7 17. Nxf6+ Qxf6 18. e4 Rac8 19. Qe2 Qf4 20. Rxc8 Rxc8
21. Rd1 Rc1 22. Rxc1 Qxc1+ 23. Ne1 Qb1 24. f3 Qxa2 25. Qd2 Qc4 26. Nc2 e5 27.
Qd8+ Kg7 28. Qe7 Qxc2 29. Qxe5+ Kf8 30. Qd6+ Ke8 31. Qb8+ Qc8 32. Qe5+ Kd7 33.
Qf6 Qc5+ 34. Kf1 Qc4+ 35. Kf2 h5 36. Kg3 Qe6 37. Qd4+ Qd6+ 0-1

[Event "NVM U16 2015"]
[Site "Kiel"]
[Date "2015.09.12"]
[Round "6.3"]
[White "Keyser, Philipp"]
[Black "Behringer, Tom"]
[Result "1-0"]
[WhiteElo "1795"]
[BlackElo "1628"]
[PlyCount "43"]
[EventDate "2015.??.??"]
[WhiteTeam "SK Johanneum Eppendorf"]
[BlackTeam "SK Doppelbauer Kiel"]

1. e4 e6 2. d4 d5 3. Nd2 c5 4. exd5 Qxd5 5. dxc5 Bxc5 6. Ngf3 Nf6 7. Bd3 Nc6 8.
Qe2 O-O 9. O-O b6 10. Ne4 Be7 11. Rd1 Qh5 12. Nxf6+ Bxf6 13. Be4 Bb7 14. c3
Rfd8 15. Bf4 Qg4 16. Bg3 Na5 17. Bxb7 Nxb7 18. h3 Qh5 19. Qa6 Nc5 20. Rxd8+
Bxd8 21. Qb5 Qd5 22. Qe8# 1-0

[Event "NVM U16 2015"]
[Site "Kiel"]
[Date "2015.09.12"]
[Round "6.4"]
[White "Arndt, Magnus"]
[Black "Meyerfeldt, Tim"]
[Result "1-0"]
[WhiteElo "1744"]
[BlackElo "1615"]
[PlyCount "67"]
[EventDate "2015.??.??"]
[WhiteTeam "SK Doppelbauer Kiel"]
[BlackTeam "SK Johanneum Eppendorf"]

1. e4 c5 2. Nf3 e6 3. c3 d5 4. exd5 Qxd5 5. d4 Nf6 6. Be3 cxd4 7. cxd4 Be7 8.
Nc3 Qd6 9. Bd3 Nc6 10. O-O O-O 11. Ne4 Qd8 12. a3 Nd5 13. Qe2 Nxe3 14. fxe3 Re8
15. Ned2 g6 16. b4 Bf8 17. b5 Ne7 18. Ne5 Nf5 19. Ndc4 Bh6 20. Rae1 Re7 21. g4
Nd6 22. Qf2 f5 23. h4 Nxc4 24. Bxc4 Rc7 25. gxf5 gxf5 26. Qxf5 Rg7+ 27. Ng4 Qe7
28. Qh5 Rg6 29. Kh2 Qc7+ 30. Ne5 Bg7 31. Bd3 Bxe5+ 32. Qxe5 Qg7 33. Bxg6 hxg6
34. Qg5 1-0

[Event "NVM U16 2015"]
[Site "Kiel"]
[Date "2015.09.12"]
[Round "6.1"]
[White "Rätzke von Stoyentin, Steffen"]
[Black "Schmekel, Florian"]
[Result "0-1"]
[WhiteElo "1983"]
[BlackElo "1891"]
[PlyCount "86"]
[EventDate "2015.??.??"]
[WhiteTeam "SC Aurich"]
[BlackTeam "SAV Torgelow-Drögeheide 90"]

1. d4 Nf6 2. c4 e6 3. Nc3 Bb4 4. e3 Nc6 5. Bd3 e5 6. Bc2 d5 7. a3 Bxc3+ 8. bxc3
O-O 9. Nf3 dxc4 10. h3 exd4 11. cxd4 Qd5 12. O-O Bf5 13. Nd2 b5 14. Bb2 Ne7 15.
e4 Nxe4 16. Bxe4 Bxe4 17. Nxe4 Qxe4 18. Re1 Qh4 19. g3 Qf6 20. d5 Qxb2 21. Rxe7
Rad8 22. Re2 Qf6 23. Rb1 c6 24. Rd2 Qd6 25. Qf3 a6 26. Rbd1 cxd5 27. Rxd5 Qc6
28. Kg2 Rxd5 29. Rxd5 c3 30. Rd1 Qxf3+ 31. Kxf3 a5 32. Ke2 b4 33. Rd5 b3 34.
Kd1 a4 35. Ra5 Rd8+ 36. Kc1 Re8 37. Kd1 c2+ 38. Kc1 Re1+ 39. Kd2 c1=Q+ 40. Kd3
Qc2+ 41. Kd4 Re4+ 42. Kd5 Qc4+ 43. Kd6 Re6+ 0-1

[Event "NVM U16 2015"]
[Site "Kiel"]
[Date "2015.09.12"]
[Round "6.2"]
[White "Kasel, Alexander"]
[Black "Neumann, Tiemon"]
[Result "1/2-1/2"]
[WhiteElo "1689"]
[BlackElo "1720"]
[PlyCount "76"]
[EventDate "2015.??.??"]
[WhiteTeam "SAV Torgelow-Drögeheide 90"]
[BlackTeam "SC Aurich"]

1. c4 c5 2. g3 g6 3. Bg2 Bg7 4. Nf3 Nc6 5. Nc3 e6 6. O-O Nge7 7. d3 b6 8. Rb1
Bb7 9. Bd2 O-O 10. a3 d5 11. cxd5 Nxd5 12. Nxd5 exd5 13. b4 cxb4 14. axb4 Qd7
15. Qb3 Rac8 16. Rbc1 h6 17. Bc3 d4 18. Bb2 Rfe8 19. Rfe1 b5 20. Nd2 Ne7 21.
Ne4 Ba8 22. Rxc8 Rxc8 23. Ra1 Bd5 24. Qd1 Nc6 25. Qd2 Qe7 26. Nc5 Bxg2 27. Kxg2
Nxb4 28. Qxb4 Qxc5 29. Qxc5 Rxc5 30. Rxa7 Rc2 31. Ba1 Rxe2 32. Ra8+ Kh7 33. Ra7
Kh8 34. Rd7 b4 35. Bxd4 Bxd4 36. Rxd4 b3 37. Rb4 b2 38. Kf3 Rc2 1/2-1/2

[Event "NVM U16 2015"]
[Site "Kiel"]
[Date "2015.09.12"]
[Round "6.3"]
[White "Henning, Yannick"]
[Black "Trömer, Felix"]
[Result "1-0"]
[WhiteElo "1562"]
[BlackElo "1481"]
[PlyCount "117"]
[EventDate "2015.??.??"]
[WhiteTeam "SC Aurich"]
[BlackTeam "SAV Torgelow-Drögeheide 90"]

1. d4 Nf6 2. Nf3 g6 3. c4 Bg7 4. Nc3 O-O 5. e4 d6 6. Be2 Nbd7 7. O-O e5 8. Be3
c6 9. Ne1 Qe7 10. d5 c5 11. Nd3 Nb6 12. b3 Rb8 13. Rc1 a6 14. f3 Na8 15. b4 b6
16. a4 a5 17. bxa5 bxa5 18. Nb5 Nd7 19. Bd2 Nab6 20. Nb2 f5 21. Bxa5 Ra8 22.
Bd2 Ba6 23. a5 Nc8 24. Rb1 Nf6 25. Qc2 f4 26. Na4 g5 27. Na3 h5 28. Nb6 Nxb6
29. axb6 Bb7 30. Nb5 g4 31. Ra1 gxf3 32. Bxf3 Nd7 33. Ba5 Qh4 34. Nxd6 Ba6 35.
Rfb1 Nf6 36. b7 Bxb7 37. Nxb7 Ng4 38. Bxg4 hxg4 39. Rb3 Rfb8 40. Qd1 Bh6 41.
Nxc5 Rxb3 42. Nxb3 Kf7 43. d6 f3 44. Qe1 Qh5 45. d7 Bf4 46. g3 Qh3 47. Ra2 Bg5
48. c5 Rb8 49. d8=Q Bxd8 50. Bxd8 Rxd8 51. Qf1 Qh6 52. Qe1 Qh3 53. Rd2 Rb8 54.
Nc1 Rc8 55. Nd3 Ke6 56. Qe3 Ra8 57. Ne1 Rc8 58. Qg5 Rxc5 59. Qf5+ 1-0

[Event "NVM U16 2015"]
[Site "Kiel"]
[Date "2015.09.12"]
[Round "6.4"]
[White "Bollnow, Alex"]
[Black "Kittelberger, Mattis"]
[Result "0-1"]
[WhiteElo "1353"]
[BlackElo "1615"]
[PlyCount "76"]
[EventDate "2015.??.??"]
[WhiteTeam "SAV Torgelow-Drögeheide 90"]
[BlackTeam "SC Aurich"]

1. e4 c5 2. Nf3 a6 3. d4 cxd4 4. Nxd4 Nf6 5. Bd3 Nc6 6. Nxc6 bxc6 7. c4 e6 8.
O-O Qc7 9. Nc3 Bd6 10. f4 Bc5+ 11. Kh1 d6 12. Ne2 O-O 13. b3 d5 14. e5 Ng4 15.
Qe1 dxc4 16. bxc4 Rd8 17. Bc2 Ne3 18. Bxe3 Bxe3 19. Qh4 h6 20. Rf3 Rd2 21. Rxe3
Rxc2 22. Nc3 Bb7 23. Qe1 c5 24. Re2 Rxe2 25. Qxe2 Rd8 26. Qc2 Rd4 27. Ne2 Re4
28. Kg1 Qc6 29. Rd1 g6 30. Rd8+ Kg7 31. Qd2 Rxc4 32. Ng3 Rc1+ 33. Nf1 Rd1 34.
Rc8 Rxd2 35. Rxc6 Rxa2 36. Rxc5 Rxg2+ 37. Kh1 Rg4+ 38. Rc6 Bxc6# 0-1

[Event "NVM U16 2015"]
[Site "Kiel"]
[Date "2015.09.12"]
[Round "6.1"]
[White "Speck, Jakob"]
[Black "Scheinhütte, Jakob"]
[Result "0-1"]
[WhiteElo "1701"]
[BlackElo "1884"]
[PlyCount "64"]
[EventDate "2015.??.??"]
[WhiteTeam "SK Weisse Dame Hamburg"]
[BlackTeam "SV Empor Berlin e.V."]

1. c4 Nf6 2. Nc3 e5 3. g3 g6 4. Bg2 Bg7 5. e3 O-O 6. Nge2 d6 7. O-O c6 8. d4
Nbd7 9. d5 c5 10. Qb3 Nh5 11. Bd2 f5 12. Rae1 Bh6 13. Qc2 f4 14. exf4 exf4 15.
Qc1 Ne5 16. Bxf4 Nxf4 17. Nxf4 Nd3 18. Qe3 Nxe1 19. Rxe1 Bxf4 20. gxf4 Bf5 21.
Qg3 Re8 22. Be4 Qf6 23. f3 a6 24. a3 Kh8 25. Kg2 Re7 26. Kg1 Rae8 27. Kg2 Qd4
28. Re2 Qxc4 29. Kf1 b5 30. Qg2 b4 31. axb4 cxb4 32. Bxf5 bxc3 0-1

[Event "NVM U16 2015"]
[Site "Kiel"]
[Date "2015.09.12"]
[Round "6.2"]
[White "Feyer, Leon"]
[Black "Lam, Daniel"]
[Result "1-0"]
[WhiteElo "1729"]
[BlackElo "1562"]
[PlyCount "115"]
[EventDate "2015.??.??"]
[WhiteTeam "SV Empor Berlin e.V."]
[BlackTeam "SK Weisse Dame Hamburg"]

1. e4 c5 2. Nf3 d6 3. c3 Nf6 4. Bd3 Nc6 5. Bc2 Bg4 6. h3 Bd7 7. d4 cxd4 8. cxd4
e5 9. O-O Be7 10. Nc3 O-O 11. Be3 h6 12. Qd2 Re8 13. Rfd1 Bf8 14. dxe5 dxe5 15.
Qe2 Qa5 16. Nd5 Nxd5 17. Rxd5 Qc7 18. a3 Be6 19. Rdd1 Red8 20. Rac1 Qa5 21. Bd3
a6 22. Bc4 Bxc4 23. Qxc4 Rac8 24. Rxd8 Rxd8 25. Qb3 Nd4 26. Bxd4 exd4 27. Qxb7
d3 28. Qb3 d2 29. Rd1 Qc7 30. Nxd2 Rb8 31. Qc4 Qa7 32. Rb1 Bc5 33. Qe2 a5 34.
Nc4 Qa6 35. Kf1 Bd4 36. Ne3 Qxe2+ 37. Kxe2 Rxb2+ 38. Rxb2 Bxb2 39. Nc4 Bc3 40.
Kd3 Be1 41. f3 f6 42. Kd4 Kf7 43. Nd6+ Ke6 44. Nf5 Kf7 45. Kd5 Bd2 46. Nd6+ Ke7
47. Nc4 Bc3 48. Kc5 Ke6 49. g4 g5 50. Kb5 Be1 51. Nxa5 Ke5 52. Nc6+ Kf4 53. Nd4
Kg3 54. Kc4 Kxh3 55. Kd3 Kg2 56. Ke2 Bf2 57. Nf5 Bc5 58. a4 1-0

[Event "NVM U16 2015"]
[Site "Kiel"]
[Date "2015.09.12"]
[Round "6.3"]
[White "Popist, Florian"]
[Black "Denkert, Anna"]
[Result "1-0"]
[WhiteElo "1601"]
[BlackElo "1690"]
[PlyCount "107"]
[EventDate "2015.??.??"]
[WhiteTeam "SK Weisse Dame Hamburg"]
[BlackTeam "SV Empor Berlin e.V."]

1. e4 c6 2. d4 d5 3. Nc3 dxe4 4. Nxe4 Bf5 5. Ng3 Bg6 6. Nf3 Nd7 7. h4 h6 8. h5
Bh7 9. Bd3 Bxd3 10. Qxd3 e6 11. Bf4 Qa5+ 12. Bd2 Bb4 13. c3 Be7 14. c4 Qc7 15.
O-O-O Ngf6 16. Ne4 Nxe4 17. Qxe4 Nf6 18. Qe2 O-O 19. g4 Nh7 20. Ne5 b5 21. Kb1
a5 22. f4 bxc4 23. Qxc4 Qb6 24. Nd7 Qb7 25. Nxf8 Bxf8 26. Qb3 Qa7 27. Bc3 a4
28. Qc2 c5 29. dxc5 Qxc5 30. Be5 Qb5 31. Qd3 Qb7 32. Rhg1 Ra5 33. Bc3 Rd5 34.
Qg3 Rc5 35. Qe3 Nf6 36. Bxf6 gxf6 37. g5 fxg5 38. fxg5 Rb5 39. gxh6+ Kh7 40.
Qc3 Qe4+ 41. Ka1 Bxh6 42. Rd8 Re5 43. Qd3 Qxd3 44. Rxd3 Rxh5 45. Rd7 Rf5 46. a3
Be3 47. Re1 Bh6 48. Rxe6 Rf1+ 49. Ka2 Bg7 50. Re4 Rf2 51. Rb7 Kg6 52. Rxa4 Kg5
53. Ra5+ Kg4 54. Rb4+ 1-0

[Event "NVM U16 2015"]
[Site "Kiel"]
[Date "2015.09.12"]
[Round "6.4"]
[White "Alcer, Johanna"]
[Black "Schramm, David"]
[Result "0-1"]
[WhiteElo "1180"]
[BlackElo "1244"]
[PlyCount "84"]
[EventDate "2015.??.??"]
[WhiteTeam "SV Empor Berlin e.V."]
[BlackTeam "SK Weisse Dame Hamburg"]

1. e4 e5 2. Nf3 Nc6 3. Bc4 Bc5 4. c3 Nf6 5. d3 a6 6. O-O d6 7. h3 Be6 8. Bb3
Ne7 9. Bg5 Ng6 10. Nbd2 O-O 11. Re1 b5 12. d4 Bxb3 13. Qxb3 Bb6 14. Rad1 h6 15.
Be3 Re8 16. Nf1 Nxe4 17. dxe5 Bxe3 18. Rxe3 Nc5 19. Qd5 Ne7 20. Qd2 d5 21. Ng3
c6 22. Nd4 Qd7 23. Qe2 Ne6 24. b3 Nxd4 25. cxd4 Ng6 26. Qc2 Re6 27. Rde1 Rc8
28. Nf5 Rce8 29. g3 Ne7 30. Nd6 Rf8 31. f4 Nc8 32. Nxc8 Qxc8 33. Kg2 f6 34. b4
f5 35. a3 g6 36. Rc1 Qc7 37. Rc3 Rc8 38. h4 h5 39. Kf3 Kg7 40. Ke3 Qb6 41. Kf3
Qxd4 42. Qf2 Qe4# 0-1

[Event "NVM U16 2015"]
[Site "Kiel"]
[Date "2015.09.12"]
[Round "6.1"]
[White "Böhning, Kilian"]
[Black "Reyher, Susan"]
[Result "1-0"]
[WhiteElo "2016"]
[BlackElo "1562"]
[PlyCount "57"]
[EventDate "2015.??.??"]
[WhiteTeam "Hagener SV"]
[BlackTeam "SV Glück auf Rüdersdorf e.V."]

1. d4 d5 2. c4 dxc4 3. e3 Nf6 4. Bxc4 e6 5. Nc3 a6 6. Qf3 c5 7. dxc5 Bxc5 8. a3
Nc6 9. b4 Be7 10. Qd1 Qc7 11. Qb3 O-O 12. Nf3 b5 13. Be2 Bb7 14. O-O Rac8 15.
Bb2 Rfd8 16. Rac1 Bd6 17. h3 Ne5 18. Nxb5 Nxf3+ 19. Bxf3 Qb8 20. Nxd6 Rxc1 21.
Nxb7 Rxf1+ 22. Kxf1 Rf8 23. Nc5 Qb5+ 24. Be2 Qb8 25. Kg1 Rc8 26. Bxf6 gxf6 27.
Qd1 Rd8 28. Bd3 Qe5 29. Bxh7+ 1-0

[Event "NVM U16 2015"]
[Site "Kiel"]
[Date "2015.09.12"]
[Round "6.2"]
[White "Gohlke, Tobias"]
[Black "Balazs, Balint"]
[Result "0-1"]
[WhiteElo "1446"]
[BlackElo "1894"]
[PlyCount "50"]
[EventDate "2015.??.??"]
[WhiteTeam "SV Glück auf Rüdersdorf e.V."]
[BlackTeam "Hagener SV"]

1. d4 Nf6 2. c4 c5 3. d5 e6 4. Nc3 exd5 5. cxd5 d6 6. Bg5 Be7 7. Nf3 O-O 8. e4
Bg4 9. Be2 Bxf3 10. Bxf3 Nxe4 11. Bxe7 Nxc3 12. Bxd8 Nxd1 13. Bc7 Nxb2 14. Bxd6
Re8+ 15. Kf1 Nd7 16. g3 Nc4 17. Bf4 Nde5 18. Be4 Rad8 19. Rc1 b5 20. h3 Ng6 21.
Bxg6 hxg6 22. Bc7 Rxd5 23. Kg2 Rd2 24. Rhe1 Rde2 25. Kf1 Nd2+ 0-1

[Event "NVM U16 2015"]
[Site "Kiel"]
[Date "2015.09.12"]
[Round "6.3"]
[White "Laubrock, Paul"]
[Black "Giese, Patrick"]
[Result "1-0"]
[WhiteElo "1866"]
[BlackElo "1569"]
[PlyCount "39"]
[EventDate "2015.??.??"]
[WhiteTeam "Hagener SV"]
[BlackTeam "SV Glück auf Rüdersdorf e.V."]

1. d4 d5 2. Nc3 e6 3. Bf4 Nf6 4. f3 Bb4 5. Qd2 O-O 6. g4 Nbd7 7. e3 c5 8. a3
Qa5 9. Nge2 Re8 10. O-O-O Bxc3 11. Nxc3 a6 12. Kb1 c4 13. h4 b5 14. Nxd5 Qa4
15. Nc7 Bb7 16. e4 Rec8 17. Nxa8 c3 18. Qd3 Bxa8 19. Bd6 Nb6 20. b3 1-0

[Event "NVM U16 2015"]
[Site "Kiel"]
[Date "2015.09.12"]
[Round "6.4"]
[White "Richter, Robert"]
[Black "Hoppe, Andreas"]
[Result "0-1"]
[WhiteElo "1396"]
[BlackElo "1847"]
[PlyCount "108"]
[EventDate "2015.??.??"]
[WhiteTeam "SV Glück auf Rüdersdorf e.V."]
[BlackTeam "Hagener SV"]

1. e4 e6 2. d4 d5 3. Nd2 Nf6 4. e5 Nfd7 5. f4 c5 6. c3 Nc6 7. Ndf3 Qb6 8. Ne2
Be7 9. g3 O-O 10. Bh3 cxd4 11. cxd4 Qd8 12. O-O Nb6 13. b3 Bd7 14. a3 a5 15.
Qd3 a4 16. bxa4 Nxa4 17. f5 exf5 18. Bxf5 Bxf5 19. Qxf5 f6 20. Qh5 fxe5 21.
Nxe5 Rxf1+ 22. Kxf1 Nxe5 23. Qxe5 Qd7 24. Kg2 Bf6 25. Qh5 Rc8 26. Be3 Qe6 27.
Qf3 Re8 28. Kf2 Nc5 29. Nf4 Ne4+ 30. Kg2 Qd6 31. Qh5 Rd8 32. Qg4 Ra8 33. Qe6+
Qxe6 34. Nxe6 Ra4 35. Kf3 Nc3 36. Nc5 Ra7 37. Bf2 Nb5 38. a4 Nxd4+ 39. Kg2 b6
40. Nd3 b5 41. Nc5 bxa4 42. Rxa4 Rxa4 43. Nxa4 Kf7 44. Kf1 Ke6 45. Nc5+ Ke5 46.
Nd3+ Ke4 47. Nf4 Be5 48. Ng2 Nf3 49. h3 Ng5 50. h4 Nh3 51. g4 Nxf2 52. Kxf2 d4
53. Ke2 d3+ 54. Kd2 Bd4 0-1

[Event "NVM U16 2015"]
[Site "Kiel"]
[Date "2015.09.12"]
[Round "6.1"]
[White "Greßmann, Moritz"]
[Black "Stockmann, Till"]
[Result "1-0"]
[WhiteElo "2085"]
[BlackElo "1508"]
[PlyCount "35"]
[EventDate "2015.??.??"]
[WhiteTeam "BSV 63 Chemie Weißensee"]
[BlackTeam "VfL Gräfenhainichen"]

1. e4 e5 2. Bc4 Bc5 3. Nf3 Nc6 4. c3 Nf6 5. d3 d6 6. Nbd2 O-O 7. Bb3 Bg4 8. O-O
Qe7 9. Re1 Rfe8 10. Nf1 Rad8 11. h3 Be6 12. Ng3 h6 13. Be3 Bb6 14. Nh4 Qd7 15.
Qf3 Ne7 16. Bxh6 gxh6 17. Qxf6 Ng6 18. Nhf5 1-0

[Event "NVM U16 2015"]
[Site "Kiel"]
[Date "2015.09.12"]
[Round "6.2"]
[White "Richter, Philipp"]
[Black "Fanin, Erik"]
[Result "0-1"]
[WhiteElo "1496"]
[BlackElo "1733"]
[PlyCount "40"]
[EventDate "2015.??.??"]
[WhiteTeam "VfL Gräfenhainichen"]
[BlackTeam "BSV 63 Chemie Weißensee"]

1. e4 c6 2. d4 d5 3. e5 Bf5 4. g4 Be4 5. f3 Bg6 6. h4 h5 7. g5 e6 8. Bd3 Bxd3
9. Qxd3 Ne7 10. Ne2 Nf5 11. f4 Qb6 12. Nd2 c5 13. dxc5 Bxc5 14. Nb3 Bf2+ 15.
Kf1 Bxh4 16. Qf3 Nc6 17. a3 Nce7 18. Bd2 Qb5 19. Qd3 Qxd3 20. cxd3 Ng6 0-1

[Event "NVM U16 2015"]
[Site "Kiel"]
[Date "2015.09.12"]
[Round "6.3"]
[White "Fege, Julian"]
[Black "Koppe, Carl"]
[Result "1/2-1/2"]
[WhiteElo "1595"]
[BlackElo "1479"]
[PlyCount "95"]
[EventDate "2015.??.??"]
[WhiteTeam "BSV 63 Chemie Weißensee"]
[BlackTeam "VfL Gräfenhainichen"]

1. e4 e5 2. Nf3 Nc6 3. Bb5 Nf6 4. O-O d6 5. Re1 Bd7 6. c3 Ne7 7. Bc4 Ng6 8. d3
Be7 9. Nbd2 Qc8 10. Nf1 Be6 11. Bxe6 Qxe6 12. Ng3 O-O 13. d4 c5 14. d5 Qd7 15.
c4 a6 16. Rb1 b5 17. b3 b4 18. Nf5 Bd8 19. Qe2 Ne7 20. N3h4 Nxf5 21. Nxf5 g6
22. Ng3 Ne8 23. f4 exf4 24. Bxf4 Ng7 25. e5 dxe5 26. Bxe5 Bh4 27. Qe3 Bxg3 28.
Qxg3 Rfe8 29. Rb2 Re7 30. Rbe2 Rae8 31. Qf2 Nf5 32. h3 h5 33. Kf1 f6 34. Bh2
Nd4 35. Rxe7 Rxe7 36. Rxe7 Qxe7 37. Qe1 Qd7 38. Qe4 Kf7 39. Bg1 a5 40. Bxd4
cxd4 41. Ke2 Qd6 42. Kd3 Qg3+ 43. Kxd4 Qf2+ 44. Qe3 Qb2+ 45. Kc5 Qxg2 46. d6
Qb7 47. Qd4 Qa7+ 48. Kd5 1/2-1/2

[Event "NVM U16 2015"]
[Site "Kiel"]
[Date "2015.09.12"]
[Round "6.4"]
[White "Wilhelm, Dominik"]
[Black "Schmidt, Florian Pascal"]
[Result "1-0"]
[WhiteElo "1193"]
[BlackElo "1261"]
[PlyCount "35"]
[EventDate "2015.??.??"]
[WhiteTeam "VfL Gräfenhainichen"]
[BlackTeam "BSV 63 Chemie Weißensee"]

1. c4 e5 2. Nc3 Nc6 3. g3 g6 4. Bg2 Bg7 5. e3 d6 6. Nge2 f5 7. O-O Nf6 8. d3
O-O 9. Bd2 Rb8 10. a3 a5 11. Qc2 Bd7 12. Nd5 b6 13. b4 Ne7 14. Nxf6+ Bxf6 15.
bxa5 e4 16. Rab1 exd3 17. Qxd3 Bc6 18. Bxc6 1-0

[Event "NVM U16 2015"]
[Site "Kiel"]
[Date "2015.09.12"]
[Round "6.1"]
[White "Tiedemann, Fin Niklas"]
[Black "Kiesel, Lucas"]
[Result "0-1"]
[WhiteElo "1798"]
[BlackElo "1735"]
[PlyCount "94"]
[EventDate "2015.??.??"]
[WhiteTeam "Lübecker SV von 1873"]
[BlackTeam "SV Laatzen"]

1. e4 d6 2. d4 Nf6 3. Nc3 g6 4. f4 c5 5. dxc5 Qa5 6. cxd6 Nxe4 7. Qd4 Nf6 8.
Bd2 Nc6 9. Bb5 Qxb5 10. Nxb5 Nxd4 11. Nxd4 exd6 12. Nb5 Kd7 13. Bc3 Be7 14.
O-O-O Rd8 15. Nxd6 Bxd6 16. Bxf6 Re8 17. Be5 Re6 18. Nf3 f6 19. Rhe1 b6 20. Rd2
Bb7 21. Nd4 fxe5 22. Nxe6 Kxe6 23. fxe5 Bc5 24. c3 a5 25. Kc2 Bd5 26. b3 Rf8
27. Rde2 Rf2 28. Rxf2 Bxf2 29. Re2 Bg1 30. c4 Bc6 31. h3 Bd4 32. Kd3 Bxe5 33.
a3 Kf5 34. Rf2+ Kg5 35. Re2 Kf4 36. g3+ Kf5 37. Re3 Bd6 38. a4 Bc5 39. Re2 Bf3
40. Re8 Bg2 41. Rh8 h5 42. g4+ hxg4 43. hxg4+ Kxg4 44. Rh2 Bf3 45. Rh6 g5 46.
Rg6 Kf5 47. Rg7 g4 0-1

[Event "NVM U16 2015"]
[Site "Kiel"]
[Date "2015.09.12"]
[Round "6.2"]
[White "Korb, Ruben"]
[Black "Dörp, Max Marian"]
[Result "1/2-1/2"]
[WhiteElo "1656"]
[BlackElo "1620"]
[PlyCount "38"]
[EventDate "2015.??.??"]
[WhiteTeam "SV Laatzen"]
[BlackTeam "Lübecker SV von 1873"]

1. e4 e5 2. Nf3 Nc6 3. d4 exd4 4. Nxd4 Qh4 5. Nb5 Qxe4+ 6. Be2 Bb4+ 7. N1c3 Kd8
8. O-O Bxc3 9. bxc3 Nge7 10. Re1 Qh4 11. g3 Qf6 12. Bf4 d6 13. Qd2 a6 14. Bg5
Qg6 15. Bd3 Qh5 16. Bxe7+ Nxe7 17. Nxc7 Ra7 18. Rxe7 Kxe7 19. Qe3+ Kd7 1/2-1/2